Jours fériés en France - Mort subite - Statistiques

Statistiques générales
  • Ce quiz a été pris 343 fois
  • Le résultat moyen est 9 sur 10
Answers on the Grid
Answers color-coded by a green-red scale on the quiz's grid according to % correct below.
Jour de l'An
Victoire 1945
Armistice 1918
Noël
Fête du Travail
Fête Nationale
Ascension
Assomption
Lundi de Pentecôte
Lundi de Pâques
Halloween
Saint-Valentin
Mardi Gras
Fête des Pères
Fête des Mères
Epiphanie
Chandeleur
Jour des soldes
Thanksgiving
Fête des voisins
 
Statistiques - réponses
Réponse % Correct
Lundi de Pâques
89%
Armistice 1918
88%
Noël
88%
Fête Nationale
87%
Jour de l'An
87%
Lundi de Pentecôte
86%
Ascension
85%
Fête du Travail
85%
Victoire 1945
85%
Assomption
82%
Aucun quiz correspondant
Distribution des résultats
% des personnes avec chaque résultat
Percentile par nombre de réponses
Votre historique - résultats
Vous n’avez pas pris ce quiz